Desapropriaȯ̂ por entidade privada

Bibliographic Details
Main Author: do Val Neto, Pedro Ribeiro
Format: Book
Language:Portuguese
Published: Brasil Pillares 2012
Subjects:
Online Access:Acceso restringido

MARC

LEADER 00000nam a22000007a 4500
005 20160224111225.0
007 cr|||| ||
008 160224s2012 bl ||||| |||| 00||0 por d
020 |a 978-85-89919-97-5 
035 |a 13118 
040 |a vLex  
090 |c 5920  |d 5920 
100 1 |a do Val Neto, Pedro Ribeiro 
245 1 0 |a Desapropriaȯ̂ por entidade privada  |h [Recurso electrn̤ico] /  |c Pedro Ribeiro do Val Neto  
256 |a Servicio en ln̕ea  
260 |a Brasil   |b Pillares  |c 2012 
300 |a 1 recurso electrn̤ico  
500 |a Consequn̊cias para a aquisiȯ̂, execuȯ̂, competn̊cia, registro e tributaȯ̂ 
506 1 |a Contenido solo disponible en los productos indicados  |d vLex Global  |d vLex Global (Academic Edition, excluding Law Schools)  |d vLex Global (U.S. Academic Edition, Law Schools)  |d vLex Global (U.S. Academic Edition, excluding Law Schools)  |d vLex Global (Academic Edition, Law Schools) 
650 0 4 |a Law  |z Brasil 
740 0 |a vLex libros (servicio en ln̕ea)  
856 4 0 |u http://vlex.com/source/desapropria-o-entidade-privada-13118  |z Acceso restringido  
942 |c BOOK 
999 0 |a Law